[Event "Mittelfranken-ch NT 58th"]
[Site "Postbauer"]
[Date "2009.04.10"]
[Round "5"]
[White "Zhao, Kevin"]
[Black "Hennemann, Herbert"]
[Result "1-0"]
[WhiteElo "1477"]
[BlackElo "1384"]
[PlyCount "112"]
[EventDate "2009.04.08"]
[EventType "swiss"]
[EventRounds "7"]
[EventCountry "GER"]
[SourceTitle "EXT 2015"]
[Source "ChessBase"]
[SourceDate "2014.11.20"]
[SourceVersion "1"]
[SourceVersionDate "2014.11.20"]
[SourceQuality "1"]

1. e4 c5 2. Nf3 Nc6 3. d4 cxd4 4. Nxd4 e6 5. Nc3 a6 6. Be3 Qc7 7. Be2 b5 8. a3 Bb7 9. Qd2 Nf6 10. Rd1 b4 11. Nb1 Nxd4 12. Qxd4 Bxe4 13. Bf3 Bxf3 14. gxf3 a5 15. Bg5 e5 16. Qd3 Be7 17. Rg1 Rd8 18. h4 h6 19. Bc1 Bf8 20. Nd2 d5 21. Qb5+ Rd7 22. Qe2 g6 23. f4 e4 24. Nf3 bxa3 25. bxa3 Qc3+ 26. Nd2 Bg7 27. Rg3 Qc6 28. Nb3 a4 29. Nd4 Qb7 30. f5 Nh5 31. Rg2 Bxd4 32. Rxd4 Qc7 33. fxg6 Qc3+ 34. Qd2 Qxd2+ 35. Bxd2 f5 36. Rxa4 Ng7 37. Ra8+ Rd8 38. Ra7 Rd7 39. Ra8+ Rd8 40. Rxd8+ Kxd8 41. Rg3 Kd7 42. Rb3 Ne6 43. Rb7+ Kc6 44. Rh7 Rg8 45. Rxh6 Kb5 46. h5 Nd4 47. Kd1 Kc4 48. Rh7 Rb8 49. Rc7+ Kb5 50. g7 Ka4 51. Bb4 Nb5 52. Rc5 Rd8 53. h6 d4 54. h7 d3 55. g8Q dxc2+ 56. Kxc2 Nd4+ 1-0

[Event "Nuremberg Zabo op 10th"]
[Site "Nuremberg"]
[Date "2008.09.21"]
[Round "5"]
[White "Gspahn, Thomas"]
[Black "Hennemann, Herbert"]
[Result "1-0"]
[WhiteElo "1597"]
[BlackElo "1424"]
[PlyCount "120"]
[EventDate "2008.09.19"]
[EventType "swiss"]
[EventRounds "5"]
[EventCountry "GER"]
[SourceTitle "EXT 2012"]
[Source "ChessBase"]
[SourceDate "2011.11.24"]
[SourceVersion "1"]
[SourceVersionDate "2011.11.24"]
[SourceQuality "1"]

1. e4 c5 2. Nf3 e6 3. d4 cxd4 4. Nxd4 a6 5. Nc3 b5 6. g3 Bb7 7. Bg2 Qc7 8. 0-0 Nf6 9. Qd3 Be7 10. Re1 d6 11. a3 Nbd7 12. f4 0-0 13. Be3 Nc5 14. Qe2 Ncxe4 15. Nxe4 Nxe4 16. Nb3 d5 17. Bd4 Bf6 18. Rad1 e5 19. fxe5 Bxe5 20. c3 f5 21. Rf1 Rae8 22. Qd3 f4 23. Bxe5 Qxe5 24. g4 Rd8 25. Rf3 Ba8 26. Re1 Qd6 27. Qf1 Nf6 28. h3 Ne4 29. Rd3 Ng3 30. Qf2 Qc7 31. Nd4 Qb6 32. Ne6 Qxf2+ 33. Kxf2 Ne4+ 34. Bxe4 Rfe8 35. Bf3 Rc8 36. Nxf4 Rf8 37. Kg3 g5 38. Nxd5 Rcd8 39. Ne7+ Kf7 40. Rxd8 Rxd8 41. Bxa8 Rxa8 42. Nf5 Rd8 43. Re7+ Kf6 44. Re2 h5 45. Nd4 h4+ 46. Kg2 Rd6 47. Kf3 Rb6 48. Re8 Kf7 49. Re5 Kf6 50. Ke4 Rd6 51. Rf5+ Kg6 52. Ke5 Rb6 53. Ne6 a5 54. Nxg5 b4 55. axb4 axb4 56. c4 Ra6 57. c5 Ra2 58. Ne4 Rxb2 59. c6 Rc2 60. Kd6 b3 1-0

[Event "Mittelfranken-ch QT 56th"]
[Site "Postbauer"]
[Date "2007.04.05"]
[Round "4"]
[White "Bayer, Rolf"]
[Black "Hennemann, Herbert"]
[Result "0-1"]
[WhiteElo "1679"]
[BlackElo "1548"]
[PlyCount "74"]
[EventDate "2007.04.04"]
[EventType "swiss"]
[EventRounds "7"]
[EventCountry "GER"]
[SourceTitle "EXT 2015"]
[Source "ChessBase"]
[SourceDate "2014.11.20"]
[SourceVersion "1"]
[SourceVersionDate "2014.11.20"]
[SourceQuality "1"]

1. e4 c5 2. Nf3 e6 3. d4 cxd4 4. Nxd4 a6 5. Be2 Be7 6. 0-0 d6 7. Nc3 Bd7 8. Be3 Nf6 9. Kh1 Nc6 10. f4 Qc7 11. a4 Nxd4 12. Bxd4 e5 13. Be3 0-0 14. Qd2 Rac8 15. fxe5 dxe5 16. Bg5 Bc6 17. Bxf6 Bxf6 18. Bd3 Rfd8 19. Rf3 Qe7 20. Raf1 Rd6 21. Qf2 Rcd8 22. g3 Qd7 23. Rf5 b5 24. axb5 axb5 25. Rf3 b4 26. Ne2 Qb7 27. Nc1 Bxe4 28. Bxe4 Qxe4 29. Nd3 Qb7 30. Nc5 Qc6 31. Qe3 Rd1 32. Kg1 e4 33. Nxe4 Bd4 34. Qxd4 Rxf1+ 35. Kxf1 Rxd4 36. Re3 Rxe4 37. Rd3 g6 0-1

[Event "Nuremberg Zabo op 08th"]
[Site "Nuremberg"]
[Date "2006.09.24"]
[Round "4"]
[White "Walter, Manfred"]
[Black "Hennemann, Herbert"]
[Result "1-0"]
[WhiteElo "1697"]
[BlackElo "1511"]
[PlyCount "81"]
[EventDate "2006.09.22"]
[EventType "swiss"]
[EventRounds "5"]
[EventCountry "GER"]
[SourceTitle "EXT 2018"]
[Source "ChessBase"]
[SourceDate "2017.10.13"]
[SourceVersion "1"]
[SourceVersionDate "2017.10.13"]
[SourceQuality "1"]

1. e4 e6 2. d4 d5 3. Nc3 Bd7 4. exd5 Bb4 5. dxe6 Bxe6 6. Nge2 c5 7. a3 Bxc3+ 8. bxc3 Nc6 9. Be3 Nge7 10. Nf4 Qa5 11. Nxe6 fxe6 12. Qh5+ Ng6 13. Qxc5 Qxc5 14. dxc5 0-0 15. Bc4 Rfe8 16. 0-0-0 Kf8 17. Rd6 Nge5 18. Bxe6 Na5 19. Bb3 Nac4 20. Bxc4 Nxc4 21. Rd7 Nxe3 22. fxe3 Re7 23. Rhd1 Ke8 24. Rxe7+ Kxe7 25. Rd5 Rf8 26. Rg5 g6 27. Kb2 Ke6 28. c4 Rf5 29. Rxf5 Kxf5 30. Kc3 Ke4 31. Kd2 g5 32. Ke2 h5 33. h3 h4 34. Kf2 a6 35. a4 a5 36. Ke2 Ke5 37. Kf3 Ke6 38. Ke4 Kf6 39. Kd5 Kf5 40. c6 bxc6+ 41. Kxc6 1-0

[Event "Nuremberg Zabo op 08th"]
[Site "Nuremberg"]
[Date "2006.09.23"]
[Round "3"]
[White "Hennemann, Herbert"]
[Black "Hummel, Thomas1111"]
[Result "0-1"]
[WhiteElo "1511"]
[BlackElo "1798"]
[PlyCount "112"]
[EventDate "2006.09.22"]
[EventType "swiss"]
[EventRounds "5"]
[EventCountry "GER"]
[SourceTitle "EXT 2018"]
[Source "ChessBase"]
[SourceDate "2017.10.13"]
[SourceVersion "1"]
[SourceVersionDate "2017.10.13"]
[SourceQuality "1"]

1. d4 d5 2. Nf3 e6 3. Bf4 f5 4. h3 Nf6 5. e3 b6 6. Bd3 c5 7. c4 Nc6 8. 0-0 Be7 9. cxd5 exd5 10. Bb5 Bd7 11. dxc5 Bxc5 12. Nc3 Ne7 13. Bxd7+ Qxd7 14. Ne5 Qb7 15. Qa4+ Kf8 16. b4 Bd6 17. Ng6+ hxg6 18. Bxd6 Rd8 19. Nb5 a6 20. Bxe7+ Kxe7 21. Nd4 b5 22. Qb3 Rc8 23. a4 Ne4 24. Qb2 Nd6 25. Rfc1 Nc4 26. Rxc4 bxc4 27. Nxf5+ Ke6 28. Nd4+ Kf7 29. Qc3 Qc7 30. Nf3 Rhe8 31. Rd1 Rcd8 32. Rd4 Kg8 33. Rd1 Qe7 34. Rd4 Rd6 35. Rg4 Qf6 36. Qc1 Rb8 37. Rf4 Qe6 38. Qc3 Rf8 39. Rg4 Rb8 40. Nd4 Qd7 41. b5 axb5 42. Nxb5 Ra6 43. Qe5 Rbb6 44. Nc3 Rd6 45. Qd4 Qc6 46. Rg5 Ra5 47. f4 Qd7 48. f5 gxf5 49. h4 Qe6 50. Qf4 Ra8 51. Rxf5 Re8 52. Kh2 Rdd8 53. Qg4 g6 54. e4 dxe4 55. Nxe4 Qxf5 56. Qxf5 gxf5 0-1

[Event "Nuremberg LGA Cup 3rd"]
[Site "Nuremberg"]
[Date "2006.09.09"]
[Round "5.78"]
[White "Dreiseitel, Werner"]
[Black "Hennemann, Herbert"]
[Result "0-1"]
[WhiteElo "1378"]
[BlackElo "1539"]
[PlyCount "120"]
[EventDate "2006.09.07"]
[EventType "swiss"]
[EventRounds "7"]
[EventCountry "GER"]
[SourceTitle "EXT 2022"]
[Source "ChessBase"]
[SourceDate "2021.10.06"]
[SourceVersion "1"]
[SourceVersionDate "2021.10.06"]
[SourceQuality "1"]

1. d4 e6 2. c4 Nf6 3. Nc3 d5 4. e3 b6 5. cxd5 exd5 6. Be2 Bd6 7. Nf3 0-0 8. 0-0 Re8 9. a3 c6 10. h3 Qc7 11. b4 a6 12. Bb2 Bf5 13. Bd3 Qd7 14. Bxf5 Qxf5 15. Rc1 Nbd7 16. Qc2 Ne4 17. Nxe4 dxe4 18. Nd2 Qg6 19. Qxc6 Rad8 20. Qa4 b5 21. Qb3 Bb8 22. Rc2 Qd6 23. g3 h5 24. Rfc1 Qg6 25. Rc6 Nf6 26. Nf1 Qf5 27. h4 g5 28. R1c5 Nd5 29. hxg5 Qxg5 30. Qd1 Qg4 31. Qxg4+ hxg4 32. Nh2 f5 33. Rg6+ Kf7 34. Rcc6 Rc8 35. Rxc8 Rxc8 36. Rxa6 Rc2 37. Ra8 Bc7 38. Rc8 Rxb2 39. Nf1 Rb3 40. Ra8 Ke7 41. Ra7 Kd7 42. Ra8 Rb1 43. Kg2 Ra1 44. Rf8 Ne7 45. Ra8 Kc6 46. Nd2 Ra2 47. Nb3 Kb7 48. Re8 Nd5 49. Nc5+ Ka7 50. Kf1 Rxa3 51. Rf8 Nxb4 52. Rxf5 Nd3 53. Nxe4 b4 54. Nd2 Ka6 55. Ke2 Nc1+ 56. Kd1 Rc3 57. Rg5 Nd3 58. Rxg4 Nxf2+ 59. Ke2 Nxg4 60. Kf3 Nxe3 0-1

[Event "Nuremberg LGA Cup 3rd"]
[Site "Nuremberg"]
[Date "2006.09.09"]
[Round "4.75"]
[White "Hennemann, Herbert"]
[Black "Rosner, Peter"]
[Result "1/2-1/2"]
[WhiteElo "1539"]
[BlackElo "1448"]
[PlyCount "80"]
[EventDate "2006.09.07"]
[EventType "swiss"]
[EventRounds "7"]
[EventCountry "GER"]
[SourceTitle "EXT 2022"]
[Source "ChessBase"]
[SourceDate "2021.10.06"]
[SourceVersion "1"]
[SourceVersionDate "2021.10.06"]
[SourceQuality "1"]

1. d4 d5 2. Nf3 e6 3. e3 Nf6 4. Bd3 Be7 5. 0-0 0-0 6. Nbd2 c5 7. c4 Nc6 8. Bb1 Re8 9. a3 a5 10. Qc2 h6 11. dxc5 dxc4 12. Nxc4 Qc7 13. b3 Bxc5 14. Bb2 Be7 15. Nce5 Bd6 16. Rc1 Nxe5 17. Qxc7 Nxf3+ 18. gxf3 Bxc7 19. Rxc7 Nd5 20. Rc4 Rd8 21. Rg4 f6 22. Bg6 e5 23. Rc4 Ra6 24. h4 Be6 25. Rd1 Rad6 26. h5 Ne7 27. Rxd6 Rxd6 28. Rc7 Nxg6 29. hxg6 Bf5 30. Rxb7 Bxg6 31. Ra7 Bf7 32. Ra8+ Kh7 33. Rb8 Rd3 34. b4 axb4 35. axb4 Rb3 36. Bxe5 fxe5 37. Kg2 Bc4 38. Re8 Rxb4 39. Rxe5 Be2 40. f4 g6 1/2-1/2

[Event "Nuremberg LGA Cup 3rd"]
[Site "Nuremberg"]
[Date "2006.09.08"]
[Round "2.63"]
[White "Hennemann, Herbert"]
[Black "Zier, Verena"]
[Result "0-1"]
[WhiteElo "1539"]
[BlackElo "1918"]
[PlyCount "82"]
[EventDate "2006.09.07"]
[EventType "swiss"]
[EventRounds "7"]
[EventCountry "GER"]
[SourceTitle "EXT 2022"]
[Source "ChessBase"]
[SourceDate "2021.10.06"]
[SourceVersion "1"]
[SourceVersionDate "2021.10.06"]
[SourceQuality "1"]

1. d4 d5 2. Nf3 Nf6 3. e3 e6 4. Bd3 c5 5. dxc5 Bxc5 6. 0-0 0-0 7. Nbd2 Nc6 8. Nb3 Bd6 9. Be2 Bc7 10. Bd2 Qd6 11. g3 Rd8 12. Nfd4 a6 13. c4 dxc4 14. Bxc4 Nxd4 15. exd4 Bb6 16. Bf4 Qb4 17. Qe2 Bxd4 18. Nxd4 Rxd4 19. Bb3 Bd7 20. Rad1 Bb5 21. Qe3 Re4 22. Bd6 Rxe3 23. Bxb4 Rxb3 24. axb3 Bxf1 25. Kxf1 Nd5 26. Bc3 Rc8 27. Rd3 Kf8 28. Ke2 g6 29. Kd2 Ke7 30. f4 Nxc3 31. bxc3 Rd8 32. Rxd8 Kxd8 33. Kd3 Kd7 34. Kd4 Kd6 35. c4 b6 36. h3 h5 37. g4 hxg4 38. hxg4 f6 39. g5 fxg5 40. fxg5 a5 41. Ke4 Kc5 0-1

[Event "Nuremberg-ch op 06th"]
[Site "Nuremberg"]
[Date "2006.06.03"]
[Round "2.31"]
[White "Puehn, Georg"]
[Black "Hennemann, Herbert"]
[Result "1-0"]
[WhiteElo "1835"]
[BlackElo "1545"]
[PlyCount "56"]
[EventDate "2006.06.02"]
[EventType "swiss"]
[EventRounds "5"]
[EventCountry "GER"]
[SourceTitle "EXT 2007"]
[Source "ChessBase"]
[SourceDate "2006.11.23"]
[SourceVersion "1"]
[SourceVersionDate "2006.11.23"]
[SourceQuality "1"]

1. e4 e6 2. d4 d5 3. Nd2 dxe4 4. Nxe4 b6 5. Nf3 Bb7 6. Bd3 Be7 7. c3 Nf6 8. Nxf6+ Bxf6 9. Qe2 0-0 10. Bf4 Nd7 11. Rd1 Qc8 12. 0-0 Bxf3 13. Qxf3 e5 14. dxe5 Nxe5 15. Bxe5 Bxe5 16. Qh5 f5 17. Rfe1 Bd6 18. Re3 Rf6 19. Rde1 Qd7 20. Re8+ Rxe8 21. Rxe8+ Bf8 22. Bc4+ Kh8 23. Qe2 Qd6 24. Bb3 h6 25. h4 h5 26. Qxh5+ Rh6 27. Qf7 Kh7 28. Qg8+ Kg6 1-0

[Event "Mittelfranken-ch QT 55th"]
[Site "Postbauer"]
[Date "2006.04.14"]
[Round "6"]
[White "Hennemann, Herbert"]
[Black "Sidorov, Alexey"]
[Result "0-1"]
[WhiteElo "1508"]
[BlackElo "1210"]
[PlyCount "56"]
[EventDate "2006.04.12"]
[EventType "swiss"]
[EventRounds "7"]
[EventCountry "GER"]
[SourceTitle "EXT 2015"]
[Source "ChessBase"]
[SourceDate "2014.11.20"]
[SourceVersion "1"]
[SourceVersionDate "2014.11.20"]
[SourceQuality "1"]

1. e4 e5 2. f4 exf4 3. Nf3 d5 4. exd5 Nf6 5. Bb5+ Bd7 6. Qe2+ Be7 7. Nc3 Bxb5 8. Qxb5+ c6 9. dxc6 Nxc6 10. 0-0 0-0 11. Ne2 Qc7 12. d4 Bd6 13. Bd2 a6 14. Qd3 Rfe8 15. a3 Ng4 16. Ng5 g6 17. Nxf4 Nf6 18. g3 Nxd4 19. b4 Qb6 20. Kh1 Qc6+ 21. Ng2 Re2 22. Rg1 Be5 23. c3 Ng4 24. Nh3 Rxd2 25. Qxd2 Nf3 26. Qd3 Ng5 27. Rae1 Nxh3 28. Qe2 Ngf2+ 0-1

[Event "Mittelfranken-ch QT 55th"]
[Site "Postbauer"]
[Date "2006.04.14"]
[Round "5"]
[White "Stefan, Johann"]
[Black "Hennemann, Herbert"]
[Result "1/2-1/2"]
[WhiteElo "1551"]
[BlackElo "1508"]
[PlyCount "53"]
[EventDate "2006.04.12"]
[EventType "swiss"]
[EventRounds "7"]
[EventCountry "GER"]
[SourceTitle "EXT 2015"]
[Source "ChessBase"]
[SourceDate "2014.11.20"]
[SourceVersion "1"]
[SourceVersionDate "2014.11.20"]
[SourceQuality "1"]

1. e4 c5 2. Nc3 a6 3. d3 e6 4. Nge2 Nc6 5. g3 d5 6. exd5 exd5 7. d4 cxd4 8. Nxd4 Bb4 9. Bg2 Nge7 10. 0-0 0-0 11. Nce2 a5 12. c3 Bc5 13. Be3 Ne5 14. b3 b6 15. h3 Bb7 16. Qc2 Rc8 17. Rad1 N5c6 18. Nf5 Nxf5 19. Bxc5 Nce7 20. Ba3 Re8 21. Rfe1 Qc7 22. Bxe7 Nxe7 23. Rc1 b5 24. Qd3 Qb6 25. Nd4 Ba6 26. Qd2 Rc7 27. Re3 1/2-1/2

[Event "Mittelfranken-ch QT 55th"]
[Site "Postbauer"]
[Date "2006.04.12"]
[Round "1"]
[White "Hennemann, Herbert"]
[Black "Reuter, Roland"]
[Result "0-1"]
[WhiteElo "1508"]
[BlackElo "1903"]
[PlyCount "102"]
[EventDate "2006.04.12"]
[EventType "swiss"]
[EventRounds "7"]
[EventCountry "GER"]
[SourceTitle "EXT 2015"]
[Source "ChessBase"]
[SourceDate "2014.11.20"]
[SourceVersion "1"]
[SourceVersionDate "2014.11.20"]
[SourceQuality "1"]

1. d4 d5 2. Nf3 Nf6 3. h3 e6 4. Bf4 Bd6 5. Ne5 c5 6. dxc5 Bxc5 7. Nd3 Bb6 8. e3 Nc6 9. c3 h6 10. Be2 Qe7 11. Ne5 0-0 12. Nd2 Rd8 13. Qc2 Bd7 14. Ndf3 Rac8 15. 0-0-0 Nb4 16. Qb3 Ne4 17. Kb1 Nc6 18. Nxc6 Bxc6 19. Rhf1 Qe8 20. Rc1 f6 21. Qc2 Ba4 22. Qd3 a6 23. c4 Nc5 24. Qc3 Qg6+ 25. Ka1 Bc6 26. Nh4 Qf7 27. Nf3 Ne4 28. Qc2 e5 29. Bh2 Ba5 30. Bd3 Nc5 31. Bg6 Qc7 32. Nh4 dxc4 33. Bh7+ Kf7 34. Qg6+ Kf8 35. Qf5 Be8 36. Bg6 Bd7 37. Qf3 e4 38. Qh5 b5 39. Bh7 Be8 40. Ng6+ Bxg6 41. Qxg6 Rd2 42. Qg4 Rcd8 43. h4 Nd3 44. Bxe4 Nxc1 45. Rxc1 c3 46. Bc2 cxb2+ 47. Kxb2 Qc5 48. Qe6 Bc3+ 49. Kb1 Qb4+ 50. Bb3 Rb2+ 51. Ka1 Rxb3+ 0-1

[Event "Nuremberg LGA Cup 2nd"]
[Site "Nuremberg"]
[Date "2005.09.11"]
[Round "7.66"]
[White "Hennemann, Herbert"]
[Black "Kuhlmann, Steffen"]
[Result "1-0"]
[WhiteElo "1518"]
[BlackElo "1298"]
[PlyCount "65"]
[EventDate "2005.09.08"]
[EventType "swiss"]
[EventRounds "7"]
[EventCountry "GER"]
[SourceTitle "EXT 2022"]
[Source "ChessBase"]
[SourceDate "2021.10.06"]
[SourceVersion "1"]
[SourceVersionDate "2021.10.06"]
[SourceQuality "1"]

1. d4 d5 2. Nf3 Nc6 3. e3 Nf6 4. Be2 Bg4 5. 0-0 e6 6. Nbd2 Be7 7. h3 Bh5 8. Re1 Qd6 9. c4 dxc4 10. Nxc4 Qd5 11. Ncd2 0-0-0 12. a3 g5 13. Nh2 Bxe2 14. Qxe2 Bd6 15. Ndf3 h5 16. e4 Bxh2+ 17. Nxh2 Qxd4 18. Nf3 Qd6 19. e5 Qf8 20. exf6 g4 21. Ng5 gxh3 22. Nxh3 h4 23. Bf4 Qc5 24. Rac1 Qf5 25. b4 Rhg8 26. Kh2 Qg6 27. Bg5 Rd5 28. Rc5 Nd4 29. Qg4 Nc2 30. Rc1 Rxc5 31. bxc5 Nxa3 32. Qb4 Nc2 33. Qc3 1-0

[Event "Nuremberg LGA Cup 2nd"]
[Site "Nuremberg"]
[Date "2005.09.08"]
[Round "1.45"]
[White "Hennemann, Herbert"]
[Black "Birkmann, Guenther"]
[Result "0-1"]
[WhiteElo "1518"]
[BlackElo "1945"]
[PlyCount "58"]
[EventDate "2005.09.08"]
[EventType "swiss"]
[EventRounds "7"]
[EventCountry "GER"]
[SourceTitle "EXT 2022"]
[Source "ChessBase"]
[SourceDate "2021.10.06"]
[SourceVersion "1"]
[SourceVersionDate "2021.10.06"]
[SourceQuality "1"]

1. d4 Nf6 2. Nf3 e6 3. Bg5 c5 4. e4 Qb6 5. Bxf6 Qxb2 6. Be5 Qxa1 7. d5 Qxa2 8. Nc3 Qa5 9. Qd2 d6 10. Nb5 Qxd2+ 11. Kxd2 dxe5 12. d6 Na6 13. Nxe5 f6 14. Nc4 Bd7 15. Na5 g6 16. Nxb7 Rb8 17. Na3 Rxb7 18. Bxa6 Rb6 19. Bd3 Bxd6 20. Nc4 Bf4+ 21. Ke2 Rb4 22. g3 Be5 23. Kd2 0-0 24. f4 Bc7 25. Ra1 Ra4 26. Rb1 Bc6 27. f5 exf5 28. exf5 Rd8 29. Ne3 c4 0-1

[Event "Nuremberg-ch op 05th"]
[Site "Nuremberg"]
[Date "2005.05.07"]
[Round "3"]
[White "Hennemann, Herbert"]
[Black "Lange, Vanessa"]
[Result "1-0"]
[WhiteElo "1550"]
[BlackElo "1265"]
[PlyCount "85"]
[EventDate "2005.05.06"]
[EventType "swiss"]
[EventRounds "5"]
[EventCountry "GER"]
[SourceTitle "EXT 2007"]
[Source "ChessBase"]
[SourceDate "2006.11.23"]
[SourceVersion "1"]
[SourceVersionDate "2006.11.23"]
[SourceQuality "1"]

1. d4 d5 2. Nf3 Nf6 3. e3 Bf5 4. Bd3 Bxd3 5. Qxd3 e6 6. 0-0 Nc6 7. a3 Qd6 8. c4 dxc4 9. Qxc4 Qd5 10. Qe2 0-0-0 11. Nc3 Qd7 12. Rd1 g6 13. e4 Qe8 14. Bg5 Be7 15. d5 exd5 16. exd5 Nb8 17. Nb5 Rxd5 18. Nxa7+ Kd8 19. Bxf6 Rd6 20. Bxh8 Qxh8 21. Qb5 Qe8 22. Qxb7 Kd7 23. Re1 Qd8 24. Qb5+ Nc6 25. Nxc6 Rxc6 26. Ne5+ Ke8 27. Qxc6+ Kf8 28. Nd7+ Kg8 29. Rad1 Kg7 30. Nf6 Qf8 31. Ne8+ Kg8 32. Qxc7 Qh6 33. Qxe7 Qf4 34. Rd7 Qf5 35. Nf6+ Kg7 36. Qxf7+ Kh6 37. Qxh7+ Kg5 38. h4+ Kf4 39. Rd4+ Qe4 40. Rexe4+ Kf5 41. Rf4+ Ke6 42. Qd7+ Ke5 43. Ng4# 1-0

[Event "Nuremberg-ch op 04th"]
[Site "Nuremberg"]
[Date "2004.05.23"]
[Round "4"]
[White "Hennemann, Herbert"]
[Black "Koellner, Ulrich"]
[Result "1/2-1/2"]
[WhiteElo "1494"]
[BlackElo "1678"]
[PlyCount "81"]
[EventDate "2004.05.21"]
[EventType "swiss"]
[EventRounds "5"]
[EventCountry "GER"]
[SourceTitle "EXT 2006"]
[Source "ChessBase"]
[SourceDate "2005.11.24"]
[SourceVersion "1"]
[SourceVersionDate "2005.11.24"]
[SourceQuality "1"]

1. d4 Nf6 2. Nf3 g6 3. c4 Bg7 4. Nc3 d5 5. cxd5 Nxd5 6. e4 Nxc3 7. bxc3 c5 8. Be2 0-0 9. 0-0 Nc6 10. Bb2 cxd4 11. cxd4 Bg4 12. Rb1 Bxf3 13. Bxf3 Nxd4 14. Bxd4 Bxd4 15. Rxb7 e5 16. Bg4 Rb8 17. Rd7 Qf6 18. Kh1 h5 19. Bh3 Rfd8 20. Qc2 Rxd7 21. Bxd7 Rb2 22. Qc8+ Kg7 23. f3 Rxa2 24. Qc4 Rb2 25. Qc1 Qa6 26. Rd1 Qe2 27. Bh3 Ra2 28. Re1 Qd3 29. Qc6 Rc2 30. Qa4 Qd2 31. Rf1 Qe2 32. Rb1 Bb2 33. Qxa7 Rc1+ 34. Rxc1 Bxc1 35. Qg1 Be3 36. Qa1 Bd4 37. Qb1 Bc3 38. Qg1 Be1 39. Bd7 Bf2 40. Qb1 Be1 41. Bb5 1/2-1/2

[Event "Nuremberg-ch op 04th"]
[Site "Nuremberg"]
[Date "2004.05.22"]
[Round "2"]
[White "Hennemann, Herbert"]
[Black "Doerfler, Christian"]
[Result "1/2-1/2"]
[WhiteElo "1494"]
[BlackElo "1733"]
[PlyCount "84"]
[EventDate "2004.05.21"]
[EventType "swiss"]
[EventRounds "5"]
[EventCountry "GER"]
[SourceTitle "EXT 2006"]
[Source "ChessBase"]
[SourceDate "2005.11.24"]
[SourceVersion "1"]
[SourceVersionDate "2005.11.24"]
[SourceQuality "1"]

1. d4 Nf6 2. Nf3 g6 3. e3 Bg7 4. Bd3 0-0 5. c4 d6 6. h3 Nbd7 7. Nc3 c5 8. Qc2 a6 9. Bd2 b6 10. 0-0 Bb7 11. d5 e5 12. Ne4 Nxe4 13. Bxe4 f5 14. Bd3 e4 15. Bxe4 fxe4 16. Qxe4 Ne5 17. Nh2 Bc8 18. Qc2 b5 19. Bc3 Nxc4 20. Bxg7 Kxg7 21. b3 Ne5 22. f4 Nd7 23. Nf3 Nf6 24. Qb2 Kg8 25. Rad1 Qe7 26. Ne5 dxe5 27. fxe5 Nd7 28. e6 Nf6 29. Qe5 Bxe6 30. dxe6 c4 31. g4 Ra7 32. g5 Ne8 33. Rxf8+ Qxf8 34. Rf1 Qd6 35. Qxd6 Nxd6 36. Rd1 c3 37. Rxd6 Rc7 38. Rd8+ Kg7 39. Rd7+ Rxd7 40. exd7 c2 41. d8Q c1Q+ 42. Kf2 Qc2+ 1/2-1/2

[Event "Mittelfranken-ch QT 53rd"]
[Site "Lauf"]
[Date "2004.04.09"]
[Round "5"]
[White "Dreiseitel, Ursula"]
[Black "Hennemann, Herbert"]
[Result "1-0"]
[WhiteElo "1280"]
[BlackElo "1538"]
[PlyCount "95"]
[EventDate "2004.04.07"]
[EventType "swiss"]
[EventRounds "7"]
[EventCountry "GER"]
[SourceTitle "EXT 2015"]
[Source "ChessBase"]
[SourceDate "2014.11.20"]
[SourceVersion "1"]
[SourceVersionDate "2014.11.20"]
[SourceQuality "1"]

1. e4 e6 2. Bc4 d5 3. exd5 exd5 4. Bb3 Nf6 5. d3 Be7 6. Nf3 0-0 7. h3 Re8 8. 0-0 Qd6 9. Re1 Nbd7 10. Bg5 b6 11. Nbd2 Bb7 12. d4 Ne4 13. Bxe7 Rxe7 14. c3 Rae8 15. Nf1 Ndf6 16. N1h2 Bc8 17. Ne5 c6 18. Bc2 Nd7 19. Nhg4 Ndf6 20. Nxf6+ Nxf6 21. Qd3 Ne4 22. f3 f6 23. fxe4 fxe5 24. Qg3 Ba6 25. Re3 Qh6 26. exd5 exd4 27. Rxe7 Rxe7 28. Qb8+ Kf7 29. d6 Qe3+ 30. Kh1 Rd7 31. Bb3+ Kg6 32. Qf8 d3 33. Rf1 d2 34. Qf5+ Kh6 35. Rf3 d1Q+ 36. Bxd1 Qe1+ 37. Kh2 Qxd1 38. Qxd7 Qd5 39. Rf5 g6 40. Rxd5 cxd5 41. g4 Bd3 42. h4 Be4 43. g5+ Kh5 44. Kh3 Bf5+ 45. Qxf5 gxf5 46. d7 f4 47. d8Q f3 48. Qe8# 1-0

[Event "Mittelfranken-ch QT 53rd"]
[Site "Lauf"]
[Date "2004.04.07"]
[Round "2"]
[White "Hennemann, Herbert"]
[Black "Stefan, Johann"]
[Result "1/2-1/2"]
[WhiteElo "1538"]
[BlackElo "1467"]
[PlyCount "87"]
[EventDate "2004.04.07"]
[EventType "swiss"]
[EventRounds "7"]
[EventCountry "GER"]
[SourceTitle "EXT 2015"]
[Source "ChessBase"]
[SourceDate "2014.11.20"]
[SourceVersion "1"]
[SourceVersionDate "2014.11.20"]
[SourceQuality "1"]

1. d4 Nf6 2. c4 g6 3. Nc3 d5 4. cxd5 Nxd5 5. e4 Nxc3 6. bxc3 Bg7 7. Qb3 c5 8. Bb5+ Nc6 9. d5 a6 10. dxc6 axb5 11. cxb7 Bxb7 12. Qxb5+ Qd7 13. Qxd7+ Kxd7 14. Ne2 Bxe4 15. 0-0 Rhd8 16. Be3 Kc6 17. Rfc1 e5 18. c4 Bd3 19. Re1 Bxe2 20. Rxe2 f5 21. Rb1 f4 22. Bd2 Rxa2 23. Rd1 Rd4 24. Kf1 g5 25. Ke1 Rxc4 26. f3 Rd4 27. Rc1 Kd5 28. Bc3 Rxe2+ 29. Kxe2 Ra4 30. Bb2 Ra2 31. Rd1+ Kc6 32. Rd2 c4 33. Kd1 Ra5 34. Kc2 Rd5 35. Re2 Kc5 36. Ba3+ Kb5 37. Bb2 Bf6 38. Re1 h5 39. Bc3 Kc6 40. Ra1 Kd7 41. Ra4 Rc5 42. Ra6 Rc6 43. Ra5 Ke6 44. Ra1 1/2-1/2

[Event "Mittelfranken Mitte-ch 0304"]
[Site "Zirndorf"]
[Date "2004.01.06"]
[Round "6"]
[White "Hennemann, Herbert"]
[Black "Bildt, Maximilian"]
[Result "0-1"]
[WhiteElo "1547"]
[BlackElo "1397"]
[PlyCount "98"]
[EventDate "2004.01.02"]
[EventType "swiss"]
[EventRounds "7"]
[EventCountry "GER"]
[SourceTitle "EXT 2015"]
[Source "ChessBase"]
[SourceDate "2014.11.20"]
[SourceVersion "1"]
[SourceVersionDate "2014.11.20"]
[SourceQuality "1"]

1. d4 d5 2. e4 dxe4 3. Nc3 Nf6 4. f3 exf3 5. Nxf3 Bg4 6. Be2 e6 7. 0-0 Nc6 8. Ne5 Bxe2 9. Nxe2 Nxe5 10. dxe5 Bc5+ 11. Kh1 Qxd1 12. Rxd1 Nd5 13. c3 0-0 14. Nd4 c6 15. Nf3 h6 16. Bd2 Rad8 17. b4 Bb6 18. c4 Ne7 19. c5 Bc7 20. Re1 Rd5 21. Bc3 Rfd8 22. Rab1 Rd3 23. Bb2 a5 24. a3 axb4 25. axb4 Rb3 26. Ba1 Rdd3 27. Nd4 Ra3 28. Re4 Nd5 29. b5 Nc3 30. Bxc3 Raxc3 31. bxc6 bxc6 32. Nxc6 Rxc5 33. Nb4 Rdc3 34. Ree1 Rxe5 35. Rf1 Rb5 36. Na6 Rxb1 37. Rxb1 e5 38. Kg1 Rc6 39. Ra1 Bb6+ 40. Kf1 Re6 41. Rc1 e4 42. Rc8+ Kh7 43. Nb8 e3 44. Ke2 Rf6 45. Nd7 Rf2+ 46. Ke1 Ba5+ 47. Kd1 e2+ 48. Kc2 e1Q+ 49. Kb3 Qb1+ 0-1